000 01091nam a22003257a 4500
999 _c47034
_d47034
001 20683
003 CO-MdFUSB
005 20180622073208.0
008 160926t1997 xxu||||f |||| 00| 0 eng d
020 _a0-8006-2778-4
040 _aCO-MdFUSB
_bEspañol
_cCO-MdFUSB
_dCO-MdFUSB
_erda
041 _aeng
082 _224
_a226.506
_bF699r
100 1 _aFord, J. Massyngbaerde
_eautor
245 1 0 _aRedeemer, friend and mother
_b: Salvation in antiquity and in the gospel of John
_c / J. Massyngbaerde Ford
264 4 _aMinneapolis, Minnesota :
_bFortress Press,
_c©1997
300 _a336 páginas
336 _2rdacontent
_atexto
_btxt
337 _2rdamedia
_asin mediación
_bn
338 _2rdacarrier
_avolumen
_bnc
500 _aIncluye índices (p. 305-336)
501 _aRústico
505 0 0 _aDios como amigo y madre - Amistad y maternidad en el evangelio de Juan
650 0 _948
_aSalvación
650 7 _9395
_aBiblia .N.T
_vJuan.
_xTeología
653 _aBible. John -- Theology
653 _aBiblia. Juan -- Teología
942 _cBK